000 00784nam a2200265Ia 4500
003 OSt
005 20221005081120.0
006 a|||||r|||| 00| 0
007 ta
008 221004b |||||||| |||| 00| 0 eng d
020 _a9789380768021 (hbk)
_c4400
024 _a12841
037 _b133/2013-14, 25/03/2014, Pioneer Books Distributors
_cTextual
040 _aCRL
_cCRL
_beng
041 _2eng
_aeng
082 _aV271.N, Q3.2
100 _aKulke Hermann Ed.
245 0 _aImaging Odisha
260 _aNew Delhi
_bPrafulla India
_c2013
300 _axii, 454p.
_ccm.
490 _vVol. 2
650 _aHISTORY
942 _hV271.N, Q3.2
_cTEXL
_2cc
999 _c987174
_d987174